000 00909nam a2200265Ia 4500
003 OSt
005 20221005111357.0
006 a|||||r|||| 00| 0
007 ta
008 221004b |||||||| |||| 00| 0 hin d
020 _a8170551420 (hbk)
_c200
024 _a11911
037 _b335, 20/03/2014, Vani Prakashan
_cTextual
040 _aCRL
_cCRL
_bhin
041 _2hin
_ahin
082 _aO168,3N12x, 152Q0
100 _aमंटो, सआदत हसन
245 0 _aरोज़ एक कहानी
246 _aRoज़ ek kahānī
260 _aनई दिल्ली
_bवाणी प्रकाशन भारत
_c2010
300 _a176पृ0
_ccm.
650 _aहिन्दी साहित्य
942 _hO168,3N12x, 152Q0
_cTEXL
_2cc
999 _c1021655
_d1021655